000 00383 a2200133 4500
020 _a9966836543
020 _a9789966836540
050 _aBV4012.2
_b.K57 2014
100 _aKiriswa, Benjamin.
_91475
245 _aPastoral counselling in Africa :
_bAn integrated model /
_cBenjamin Kiriswa.
260 _aNairobi :
_bCUEA Press,
_cc2014.
300 _a177 p. ;
_c21 cm.
942 _2lcc
_cBK
_n0
999 _c708
_d708